000 00318nam a22001337a 4500
008 170414b xxu||||| |||| 00| 0 eng d
020 _a9780534546144
041 _aeng
080 _28TH
_a612.39
100 _a10
101 _aSHM
245 _aSTUDY GUIDE FOR UNDERSTANDING NUTRITION
_cTURNER, L.W
942 _2udc
_cBK
999 _c10859
_d10859